| 000 | 00374nam a2200133Ia 4500 | ||
|---|---|---|---|
| 008 | 231129s1990||||xx |||||||||||||| ||spa|| | ||
| 020 | _a958-9021-89-1 | ||
| 040 | _bspa | ||
| 082 | _aR 657.03 D545 | ||
| 245 | 0 | _aDiccionario de terminos contables para Colombia | |
| 260 | _c1990 | ||
| 264 | _aUniversidad de Antioquia | ||
| 942 |
_2ddc _cBKS |
||
| 999 |
_c9402 _d9402 |
||